Statistics for Swimming World Record Holders LONG COURSE/MEN

Click here to take the quiz!

General Stats

  • This quiz has been taken 165 times
  • The average score is 11 of 20

Answer Stats

TimeEventSwimmer% Correct
4:03,84400m Individual MedleyMichael Phelps
89%
1:51,51200m ButterflyMichael Phelps
89%
49,82100m ButterflyMichael Phelps
89%
3:27,284x100m Medley RelayU.S.A
79%
6:58,554x200m Freestyle RelayU.S.A
79%
3:08,244x100m Freestyle RelayU.S.A
79%
26,4250m BreaststrokeAdam Peaty
68%
57,92100m BreaststrokeAdam Peaty
68%
46,91100m FreestyleCesar Cielo
68%
20,9150m FreestyleCesar Cielo
68%
1:54,00200m Individual MedlayRyan Lochte
68%
14:31,021500m FreestyleSun Yang
61%
3:40,07400m FreestylePaul Biedermann
50%
1:42,00200m FreestylePaul Biedermann
50%
1:51,92200m BackstrokeAaron Peirsol
34%
51,94100m BackstrokeAaron Peirsol
34%
22,4350m ButterflyRafael Munoz
12%
7:32,12800m FreestyleZhang Lin
12%
2:07,01200m BreaststrokeAkihiro Yamaguchi
5%
24,0450m BackstrokeLiam Tanock
5%

Score Distribution

Percentile by Number Answered

Percent of People with Each Score

Your Score History

You have not taken this quiz